<?xml version="1.0" encoding="UTF-8"?>
<record
    xmlns:xsi="http://www.w3.org/2001/XMLSchema-instance"
    xsi:schemaLocation="http://www.loc.gov/MARC21/slim http://www.loc.gov/standards/marcxml/schema/MARC21slim.xsd"
    xmlns="http://www.loc.gov/MARC21/slim">

  <leader>00999nam a22001697a 4500</leader>
  <controlfield tag="005">20260702125107.0</controlfield>
  <datafield tag="020" ind1=" " ind2=" ">
    <subfield code="a">9781637747278</subfield>
  </datafield>
  <datafield tag="082" ind1=" " ind2=" ">
    <subfield code="a">658.409MIL</subfield>
  </datafield>
  <datafield tag="100" ind1=" " ind2=" ">
    <subfield code="a"> Miller, Mark</subfield>
  </datafield>
  <datafield tag="245" ind1=" " ind2=" ">
    <subfield code="a">Lead every day:</subfield>
    <subfield code="b">three essential disciplines to unleash the passion and performance of everyone around you</subfield>
  </datafield>
  <datafield tag="260" ind1=" " ind2=" ">
    <subfield code="a">Dallas</subfield>
    <subfield code="b">Matt Holt Books</subfield>
    <subfield code="c">2025</subfield>
  </datafield>
  <datafield tag="300" ind1=" " ind2=" ">
    <subfield code="a">275p. ; 22 cm</subfield>
  </datafield>
  <datafield tag="504" ind1=" " ind2=" ">
    <subfield code="a">Includes bibliographical references (pages 267-275) and index</subfield>
  </datafield>
  <datafield tag="520" ind1=" " ind2=" ">
    <subfield code="a">From seasoned executive leaders Mark Miller and Randy Gravitt, Lead Every Day provides a concrete, comprehensive framework for improved performance. Veteran and aspiring
leaders alike can utilize the Lead Every Day Operating System to maximize their impact in the short-run and their long-term success. With insights from extensive global research
and decades of practical experience, Lead Every Day is a powerful, application-focused guide to transform your approach and your outcomes"</subfield>
  </datafield>
  <datafield tag="650" ind1=" " ind2=" ">
    <subfield code="a">Leadership</subfield>
  </datafield>
  <datafield tag="942" ind1=" " ind2=" ">
    <subfield code="c">BK</subfield>
  </datafield>
  <datafield tag="999" ind1=" " ind2=" ">
    <subfield code="c">11536</subfield>
    <subfield code="d">11536</subfield>
  </datafield>
  <datafield tag="952" ind1=" " ind2=" ">
    <subfield code="0">0</subfield>
    <subfield code="1">0</subfield>
    <subfield code="4">0</subfield>
    <subfield code="7">0</subfield>
    <subfield code="a">U001</subfield>
    <subfield code="b">U001</subfield>
    <subfield code="c">Leadership</subfield>
    <subfield code="d">2026-06-19</subfield>
    <subfield code="g">98156.00</subfield>
    <subfield code="l">0</subfield>
    <subfield code="o">658.409MIL</subfield>
    <subfield code="p">UR010553</subfield>
    <subfield code="r">2026-07-01 09:26:03</subfield>
    <subfield code="w">2026-07-01</subfield>
    <subfield code="y">BK</subfield>
  </datafield>
  <datafield tag="952" ind1=" " ind2=" ">
    <subfield code="0">0</subfield>
    <subfield code="1">0</subfield>
    <subfield code="4">0</subfield>
    <subfield code="7">0</subfield>
    <subfield code="a">U001</subfield>
    <subfield code="b">U001</subfield>
    <subfield code="c">Leadership</subfield>
    <subfield code="d">2026-06-19</subfield>
    <subfield code="g">98156.00</subfield>
    <subfield code="l">0</subfield>
    <subfield code="o">658.409MIL</subfield>
    <subfield code="p">UR010554</subfield>
    <subfield code="r">2026-07-01 09:27:11</subfield>
    <subfield code="w">2026-07-01</subfield>
    <subfield code="y">BK</subfield>
  </datafield>
  <datafield tag="952" ind1=" " ind2=" ">
    <subfield code="0">0</subfield>
    <subfield code="1">0</subfield>
    <subfield code="4">0</subfield>
    <subfield code="7">0</subfield>
    <subfield code="a">U002</subfield>
    <subfield code="b">U002</subfield>
    <subfield code="c">Leadership</subfield>
    <subfield code="d">2026-06-19</subfield>
    <subfield code="l">0</subfield>
    <subfield code="o">658.409MIL</subfield>
    <subfield code="p">URD002920</subfield>
    <subfield code="r">2026-07-02 12:56:04</subfield>
    <subfield code="w">2026-06-19</subfield>
    <subfield code="y">BK</subfield>
  </datafield>
</record>
